World development and economic systems : S.I. Cohen

This book presents an integrative theory of distinct economic systems arising from different behavioral-motivational patterns associated with households, states, and firms. The author analyzes the historical evolution of these systems, evaluates their responses to systemic failures and economic perf...

全面介绍

Đã lưu trong:
书目详细资料
主要作者: Cohen, S. I.
格式: 图书
语言:Vietnamese
出版: Singapore World Scientific 2015
主题:
标签: 添加标签
没有标签, 成为第一个标记此记录!
Thư viện lưu trữ: Thư viện Trường Đại học Nam Cần Thơ
LEADER 01194nam a22002057a 4500
001 NCT_4_028255
008 251101b xxu||||| |||| 00| 0 vie d
999 |c 9411  |d 9411 
020 |a 9789814632324  |c $162.00 
082 0 4 |2 23rd ed.  |a 338.9  |b C652 
100 1 |a Cohen, S. I. 
245 1 0 |a World development and economic systems :   |c theory and applications  |b  S.I. Cohen 
260 |a Singapore  |b World Scientific  |c 2015 
300 |a  xvi, 392 p.  |b ill.  |c 24 cm 
504 |a Includes bibliographical references and index. 
520 3 |a This book presents an integrative theory of distinct economic systems arising from different behavioral-motivational patterns associated with households, states, and firms. The author analyzes the historical evolution of these systems, evaluates their responses to systemic failures and economic performance, and projects the influence of emerging powers on system competition and global governance. 
653 |a Quản trị kinh doanh 
942 |2 ddc  |c BK 
952 |0 0  |1 0  |2 ddc  |4 0  |6 338_900000000000000_C652  |7 0  |9 31547  |a 000001  |b 000001  |d 2025-11-01  |o 338.9 C652  |p MD.24489  |r 2025-11-01  |v 162.00  |w 2025-11-01  |y BK 
980 |a Thư viện Trường Đại học Nam Cần Thơ